Electric machinery and transformers (Record no. 440)

000 -LEADER
fixed length control field 00469nam a2200193 4500
001 - CONTROL NUMBER
control field 440
003 - CONTROL NUMBER IDENTIFIER
control field BD-DhUET
008 - FIXED-LENGTH DATA ELEMENTS--GENERAL INFORMATION
fixed length control field 140721b xxu||||| |||| 00| 0 eng d
020 ## - INTERNATIONAL STANDARD BOOK NUMBER
International Standard Book Number 81203007755
040 ## - CATALOGING SOURCE
Transcribing agency 0
Modifying agency BD-DhUET
082 ## - DEWEY DECIMAL CLASSIFICATION NUMBER
Classification number 623.1042
Item number KOS/1991
100 ## - MAIN ENTRY--PERSONAL NAME
Personal name Kosow, Irving L.
245 ## - TITLE STATEMENT
Title Electric machinery and transformers
250 ## - EDITION STATEMENT
Edition statement 2nd ed.
260 ## - PUBLICATION, DISTRIBUTION, ETC. (IMPRINT)
Place of publication, distribution, etc. New Delhi
Name of publisher, distributor, etc. Prentice-Hall
Date of publication, distribution, etc. 1991
300 ## - PHYSICAL DESCRIPTION
Extent xiv,626p.
650 #0 - SUBJECT ADDED ENTRY--TOPICAL TERM
Topical term or geographic name as entry element Electric machinery
942 ## - ADDED ENTRY ELEMENTS (KOHA)
Koha item type General Book
Holdings
Sublocation or collection (holding branch) Date acquired Copy number Koha date last borrowed Not for loan Koha date last seen Withdrawn status Koha full call number Location (home branch) Piece designation (barcode) Shelving location Source of classification or shelving scheme Lost status Koha item type Damaged status Price effective from Koha normalized classification for sorting Koha issues (times borrowed)
Central Library, BUET2014-07-211  2014-07-21 623.1042/KOS/1991Central Library, BUET103680Circulation section  General Book 2014-07-21623_104200000000000_KOS_1991 
Central Library, BUET2014-07-212  2016-12-07 623.1042/KOS/1991Central Library, BUET103681Circulation section  General Book 2014-07-21623_104200000000000_KOS_1991 
Central Library, BUET2014-07-2132021-12-05 2021-12-15 623.1042/KOS/1991Central Library, BUET103682Circulation section  General Book 2014-07-21623_104200000000000_KOS_19911
Central Library, BUET2014-07-214  2014-07-21 623.1042/KOS/1991Central Library, BUET103683Circulation section  General Book 2014-07-21623_104200000000000_KOS_1991 
Central Library, BUET2014-07-215  2014-07-21 623.1042/KOS/1991Central Library, BUET103684Circulation section  General Book 2014-07-21623_000000000000000_1042KOS199 
Central Library, BUET2014-07-216  2014-07-21 623.1042/KOS/1991Central Library, BUET103685Circulation section  General Book 2014-07-21623_104200000000000_KOS_1991 
Central Library, BUET2014-07-217  2014-07-21 623.1042/KOS/1991Central Library, BUET103686Circulation section  General Book 2014-07-21623_104200000000000_KOS_1991 
Central Library, BUET2014-07-218  2016-11-29 623.1042/KOS/1991Central Library, BUET103688Circulation section  General Book 2014-07-21623_000000000000000_1042KOS199 
Central Library, BUET2014-07-219  2017-03-11 623.1042/KOS/1991Central Library, BUET103689Circulation section  General Book 2014-07-21623_104200000000000_KOS_1991